000 01214cam a22002651i 4500
003 SA-RiAUC
005 20241026112704.0
008 241025s2006____su f b 000 0 ara c
040 _aSA-RiKAPL
_bara
_cSA-RiAUC
_erda
082 0 4 _a250.72
_qSA-RiAUC
090 _a250.72
_bأ ب و س
100 1 _aأبو سليمان، عبد الوهاب إبراهيم محمد،
_d1355-1444 هجري
_eمؤلف.
245 1 0 _aمنهج البحث في الفقه الإسلامي :
_bخصائصه ونقائصه وترتيب موضوعاته /
_cتأليف الأستاذ الدكتور عبد الوهاب إبراهيم أبو سليمان.
250 _aالطبعة الثالثة.
264 1 _aالرياض :
_bمكتبة الرشد،
_c2006
300 _a416 صفحة ؛
_c24 × 17 سم
336 _aنص
_btxt
_2rdacontent
_3كتاب
337 _aبدون وسيط
_bn
_2rdamedia
338 _aمجلد
_bnc
_2rdacarrier
500 _aمكة المكرمة عاصمة الثقافة الإسلامية (1427 / 2006)
504 _aيشتمل على ببليوجرافية.
650 7 _aالفقه الإسلامي
_xمناهج بحث
_2aucsh
942 _2ddc
_cBOOK
_n0
949 _aSA-JeALM
_d241025
_umohamedma123
_n1
999 _c1723
_d1723